| 000 | 00956nam a22002177a 4500 | ||
|---|---|---|---|
| 999 |
_c7413 _d7413 |
||
| 003 | AR-CdUCM | ||
| 008 | 190320b ||||| |||| 00| 0 spa d | ||
| 040 |
_aMUNICIPALIDAD PROVINCIAL DEL CUSCO _cBIBLIOTECA MUNICIPAL DEL CUSCO |
||
| 082 |
_a541.394 / _bL22 |
||
| 100 |
_aEscobar, Lanuza _920906 |
||
| 245 | _aCinética química aplicada / | ||
| 260 |
_aMéxico : _bUnion Tipografica editorial hispano america , _c1966. |
||
| 300 |
_a272 páginas ; _c17.5 cm. |
||
| 440 |
_aManuales UTEHA _n328 _920907 |
||
| 505 | _aContenido : Los aspectos de la reaccion quimica -- La cinetica de las reacciones -- La cinetica formal -- El esquema de reacción -- El mecanismo de la reacción química -- La sistemática de las relaciones químicas -- Las reacciones iniciadas : Reacciones inducidad y fotoquímicas... | ||
| 650 |
_aCinética Química _920908 |
||
| 650 |
_aQuimica _94512 |
||
| 650 |
_aQuímica Aplicada _920909 |
||
| 942 |
_2ddc _cLIBROS |
||
| 945 | _artm | ||